000 00737nam a2200253Ia 4500
003 OSt
005 20221006142406.0
006 a|||||r|||| 00| 0
007 ta
008 221006b |||||||| |||| 00| 0 eng d
020 _a0231059744
_c632.25
024 _a6,263
037 _b238, Best Seller
_cTextual
040 _aEASL
_cEASL
_beng
041 _2eng
_aeng
082 _aO42,2K91, IIIM5
100 _aJONES Stanleigh H Ed.
_9647603
245 0 _aSugawara and the secrets of calligraphy
260 _aNew York
_bColumbia Univeresity Press
_c1985
300 _a286p.
_ccm.
490 _v JEL
942 _hO42,2K91, IIIM5
_cTEXL
_2CC
999 _c1074349
_d1074349